Statystyki dla Naprawdę łatwe przypomnienie z języka polskiego

Kliknij tutaj aby rozwiązać quiz!

Ogólne statystyki

  • Ten quiz został rozwiązany 217 razy
  • Średni wynik to 36 z 49

Statystyki odpowiedzi

Odpowiedź% Poprawnych
cz
94%
rz
94%
Czasownik
93%
Róż
93%
Biernik
92%
Celownik
92%
Mianownik
92%
Rzeczownik
92%
Wołacz
92%
Dopełniacz
91%
Róża
91%
Różą
91%
Przymiotnik
90%
Róży
88%
Przecinek
87%
Róże
87%
Różę
87%
Wykrzyknik
87%
Miejscownik
86%
Kropka
85%
Różo
85%
Znak zapytania
85%
Dwukropek
84%
Myślnik
81%
Cudzysłów
79%
Narzędnik
79%
Wielokropek
77%
Różami
75%
dz
73%
73%
73%
sz
73%
Różom
72%
Różach
70%
Przysłówek
67%
Średnik
59%
męski
56%
nijaki
56%
żeński
56%
ch
55%
Przyimek
55%
Zaimek
53%
Liczebnik
46%
męskoosobowy
41%
dzi
40%
niemęskoosobowy
39%
Spójnik
35%
Partykuła
33%
Wykrzyknienie
10%

Rozkład punktacji

Percentyl według liczby udzielonych odpowiedzi

Procent ludzi z każdym wynikiem

Twoja historia wyników

Nie rozwiązałeś tego quizu